Diccionario de la lengua española Tomo I : a/g
Guardado en:
| Autor principal: | |
|---|---|
| Formato: | Libro |
| Lenguaje: | Undetermined |
| Publicado: |
Madrid, España
Real Academia Española
2001
|
| Edición: | 22 |
| Materias: | |
| Etiquetas: |
Agregar Etiqueta
Sin Etiquetas, Sea el primero en etiquetar este registro!
|
MARC
| LEADER | 00000nam a2200000Ia 4500 | ||
|---|---|---|---|
| 008 | 170316s9999 xx 000 0 und d | ||
| 040 | |a cru BVZT | ||
| 090 | |a REF | ||
| 100 | |a Real Academia Española | ||
| 245 | |a Diccionario de la lengua española Tomo I : a/g | ||
| 250 | |a 22 | ||
| 260 | |a Madrid, España | ||
| 260 | |b Real Academia Española | ||
| 260 | |c 2001 | ||
| 300 | |a 1180 páginas T.1 | ||
| 650 | |a REFERENCIA |9 27 | ||
| 650 | |a DICCIONARIO EN ESPAÑOL | ||
| 650 | |a REAL ACADEMIA ESPAÑOLA | ||
| 942 | |c REF |2 z | ||
| 999 | |c 15037 |d 15037 | ||
